000 00304nam a22001337a 4500
008 170223b xxu||||| |||| 00| 0 eng d
020 _a0890043620
041 _aeng
080 _a617
100 _a5
101 _aSHK
245 _aCLINICAL MANAGEMENT PITUITARY DISORDERS
_cTINDALL.G.T
942 _2udc
_cBK
999 _c6160
_d6160